Лазер на парах меди со стабилизацией выходных характеристик; Научное приборостроение. Методы и приборы биотехнологии

Détails bibliographiques
Parent link:Научное приборостроение. Методы и приборы биотехнологии.— 1988.— С. 61-65
Autres auteurs: Воронов В. И., Евтушенко Г. С. Геннадий Сергеевич, Егоров А. Л., Карманов Г. А., Федоров В. Ф., Филонов А. Г., Елаев В. Ф., Мальцев А. Н., Солдатов А. Н., Юдин Н. А.
Langue:russe
Publié: 1988
Sujets:
Format: Chapitre de livre
KOHA link:https://koha.lib.tpu.ru/cgi-bin/koha/opac-detail.pl?biblionumber=246900

MARC

LEADER 00000naa2a2200000 4500
001 246900
005 20231218144448.0
035 |a (RuTPU)RU\TPU\book\268367 
090 |a 246900 
100 |a 20131211d1988 k y0rusy50 ca 
101 0 |a rus 
102 |a RU 
200 1 |a Лазер на парах меди со стабилизацией выходных характеристик  |f В. И. Воронов [и др.] 
320 |a Библиогр.: с. 65 (2 назв.) 
463 0 |0 (RuTPU)RU\TPU\book\268195  |t Научное приборостроение. Методы и приборы биотехнологии  |o сборник научных трудов  |f Академия наук СССР (АН СССР), Научно-техническое объединение ; отв. ред. М. Л. Александров  |v С. 61-65  |d 1988  |p 110 с. 
606 1 |a Биотехнологическое оборудование  |2 stltpush  |3 (RuTPU)RU\TPU\subj\80735  |9 88336 
610 1 |a труды учёных ТПУ 
701 1 |a Воронов  |b В. И. 
701 1 |a Евтушенко  |b Г. С.  |c российский специалист в области электрофизики  |c профессор Томского политехнического университета, доктор технических наук  |f 1947-  |g Геннадий Сергеевич  |3 (RuTPU)RU\TPU\pers\21960  |4 070  |9 9279 
701 1 |a Егоров  |b А. Л. 
701 1 |a Карманов  |b Г. А. 
701 1 |a Федоров  |b В. Ф. 
701 1 |a Филонов  |b А. Г. 
701 1 |a Елаев  |b В. Ф. 
701 1 |a Мальцев  |b А. Н. 
701 1 |a Солдатов  |b А. Н. 
701 1 |a Юдин  |b Н. А. 
801 1 |a RU  |b 63413507  |c 20131211 
801 2 |a RU  |b 63413507  |c 20220802  |g RCR 
942 |c BK